000
00302nam a22001337a 4500
008
170612b xxu||||| |||| 00| 0 eng d
020
_a
9780871138897
041
_a
eng
080
_a
94
100
_a
17
101
_a
SHH
245
_a
1942 THE YEAR THAT TRIED MEN'S SOULS
_c
GROOM,W
942
_2
udc
_c
BK
999
_c
16871
_d
16871